[Event "Rhein Main op-B 14th"]
[Site "Bad Homburg"]
[Date "2011.06.26"]
[Round "7"]
[White "Krischak, Werner"]
[Black "Elfverson, Cajsa"]
[Result "0-1"]
[WhiteElo "1821"]
[BlackElo "1613"]
[PlyCount "156"]
[EventDate "2011.06.22"]
[EventType "swiss"]
[EventRounds "7"]
[EventCountry "GER"]
[SourceTitle "EXT 2012"]
[Source "ChessBase"]
[SourceDate "2011.11.24"]
[SourceVersion "1"]
[SourceVersionDate "2011.11.24"]
[SourceQuality "1"]

1. d4 Nf6 2. Nf3 g6 3. c4 Bg7 4. Nc3 0-0 5. e4 d6 6. Be2 e5 7. Be3 Ng4 8. Bg5 Qe8 9. d5 h6 10. Bh4 Kh7 11. h3 Nf6 12. Nd2 a5 13. g4 Na6 14. a3 Bd7 15. g5 Ng8 16. Nf1 Nc5 17. b4 axb4 18. axb4 Rxa1 19. Qxa1 Nb3 20. Qb1 Nd4 21. Ne3 Qa8 22. Qb2 Qa7 23. Kd2 Ra8 24. Nc2 Nxc2 25. Kxc2 c6 26. Bg4 Be8 27. Bg3 h5 28. Be2 Ne7 29. h4 cxd5 30. cxd5 Rc8 31. Ra1 Qd4 32. Kb3 f5 33. gxf6 Bxf6 34. Rd1 Qb6 35. Ra1 Bg7 36. f3 Bh6 37. Nd1 Bb5 38. Bf2 Qc7 39. Bxb5 Bg7 40. Nc3 Rf8 41. Be2 Ng8 42. Nb5 Qe7 43. Rc1 Nf6 44. Qc3 Nxe4 45. fxe4 Rxf2 46. Qe3 Qxh4 47. Rc7 Rh2 48. Rf7 Qe1 49. Nc3 Rh1 50. Qf2 Qd2 51. Rf3 Ra1 52. Qe3 Qe1 53. Rf1 Qxf1 54. Bxf1 Rxf1 55. Qh3 Rf4 56. Kc4 Kh6 57. Kd3 g5 58. Qd7 g4 59. Qxd6+ Bf6 60. Qf8+ Kg5 61. d6 Kh4 62. d7 Kh3 63. d8Q Bxd8 64. Qxd8 g3 65. Qg5 h4 66. Ke3 Kg2 67. Qxe5 Rf3+ 68. Kd2 h3 69. Ne2 h2 70. Nf4+ Rxf4 71. Qxf4 h1Q 72. e5 Qf1 73. Qf6 Qf2+ 74. Kd3 Qb2 75. Qf4 Qb3+ 76. Kd2 Qb2+ 77. Ke1 Qf2+ 78. Qxf2+ gxf2+ 0-1

[Event "Rhein Main op-B 14th"]
[Site "Bad Homburg"]
[Date "2011.06.25"]
[Round "5"]
[White "Bigott, Martin"]
[Black "Elfverson, Cajsa"]
[Result "1-0"]
[WhiteElo "1893"]
[BlackElo "1613"]
[PlyCount "79"]
[EventDate "2011.06.22"]
[EventType "swiss"]
[EventRounds "7"]
[EventCountry "GER"]
[SourceTitle "EXT 2012"]
[Source "ChessBase"]
[SourceDate "2011.11.24"]
[SourceVersion "1"]
[SourceVersionDate "2011.11.24"]
[SourceQuality "1"]

1. d4 Nf6 2. c4 g6 3. Nc3 Bg7 4. e4 d6 5. f4 0-0 6. e5 dxe5 7. fxe5 Ng4 8. Be2 Nh6 9. Nf3 Nc6 10. Be3 Nf5 11. Bf2 Bh6 12. Qd3 Nb4 13. Qe4 Ne3 14. Bxe3 Bxe3 15. a3 Bf5 16. Qxe3 Nc2+ 17. Kf2 Nxe3 18. Kxe3 c6 19. b4 a5 20. b5 cxb5 21. Nxb5 f6 22. a4 fxe5 23. Nxe5 Rf6 24. g4 Bd7 25. Bf3 Bxb5 26. axb5 Qc7 27. c5 Raf8 28. Rhf1 Rf4 29. Bd5+ Kg7 30. Rxf4 Rxf4 31. Kxf4 Qd8 32. Ke4 Qc7 33. b6 Qb8 34. Rxa5 Qf8 35. Bf7 e6 36. Ra7 Qd8 37. Bxe6 Qh4 38. Rxb7+ Kf6 39. Kd5 Qh3 40. g5+ 1-0

[Event "Rhein Main op-B 14th"]
[Site "Bad Homburg"]
[Date "2011.06.24"]
[Round "4"]
[White "Elfverson, Cajsa"]
[Black "Kempf, Alexander"]
[Result "0-1"]
[WhiteElo "1613"]
[BlackElo "1800"]
[PlyCount "44"]
[EventDate "2011.06.22"]
[EventType "swiss"]
[EventRounds "7"]
[EventCountry "GER"]
[SourceTitle "EXT 2012"]
[Source "ChessBase"]
[SourceDate "2011.11.24"]
[SourceVersion "1"]
[SourceVersionDate "2011.11.24"]
[SourceQuality "1"]

1. c4 e5 2. Nc3 Nf6 3. g3 d5 4. cxd5 Nxd5 5. Bg2 Be6 6. Nf3 Nc6 7. 0-0 f6 8. d3 Qd7 9. d4 exd4 10. Nxd4 Nxd4 11. Qxd4 Nxc3 12. Qxc3 0-0-0 13. Be3 Kb8 14. a4 Bh3 15. b4 Bxg2 16. Kxg2 Qd5+ 17. Kg1 Bd6 18. Rfd1 Qe4 19. Rab1 b6 20. a5 Bxb4 21. Rxd8+ Rxd8 22. Qa1 Bxa5 0-1

[Event "Hallstahammar op"]
[Site "Hallstahammar"]
[Date "2004.09.12"]
[Round "7"]
[White "Westman, Andre"]
[Black "Elfverson, Cajsa"]
[Result "1/2-1/2"]
[WhiteElo "1441"]
[BlackElo "1413"]
[PlyCount "111"]
[EventDate "2004.09.10"]
[EventType "swiss"]
[EventRounds "8"]
[EventCountry "SWE"]
[SourceTitle "EXT 2005"]
[Source "ChessBase"]
[SourceDate "2004.11.15"]
[SourceVersion "1"]
[SourceVersionDate "2004.11.15"]
[SourceQuality "1"]

1. e4 c5 2. Nf3 Nc6 3. d4 cxd4 4. Nxd4 e6 5. Be2 g6 6. Be3 Bg7 7. Nc3 Nge7 8. Qd2 0-0 9. 0-0-0 a6 10. Nxc6 Nxc6 11. Bh6 Re8 12. Bxg7 Kxg7 13. h4 b5 14. h5 h6 15. hxg6 Rh8 16. gxf7 Qe7 17. Bh5 Ne5 18. Qd4 Qf6 19. Ne2 Nxf7 20. Qxf6+ Kxf6 21. f4 Nd8 22. Bf3 Nc6 23. Nd4 Ke7 24. Nxc6+ dxc6 25. e5 Bd7 26. Rh2 Raf8 27. g3 Be8 28. Rd6 Rfg8 29. Rg2 h5 30. Bxc6 Bxc6 31. Rxc6 h4 32. Rc3 hxg3 33. Rcxg3 Rh1+ 34. Kd2 Rxg3 35. Rxg3 Rh2+ 36. Kd3 Rf2 37. Rg7+ Ke8 38. Ra7 Rxf4 39. Rxa6 Ke7 40. Rb6 b4 41. c3 bxc3 42. Kxc3 Rf3+ 43. Kd4 Rf1 44. Rb7+ Ke8 45. Kc5 Rd1 46. Kc4 Rc1+ 47. Kd3 Rd1+ 48. Kc4 Rc1+ 49. Kb4 Rc2 50. Ka4 Re2 51. Rb5 Re4+ 52. Ka5 Kf7 53. a4 Kg6 54. Kb6 Rxa4 55. Kc6 Rd4 56. b4 1/2-1/2

[Event "Hallstahammar op"]
[Site "Hallstahammar"]
[Date "2004.09.11"]
[Round "6"]
[White "Elfverson, Cajsa"]
[Black "Orndahl, Carl Johan"]
[Result "1/2-1/2"]
[WhiteElo "1413"]
[BlackElo "1526"]
[PlyCount "84"]
[EventDate "2004.09.10"]
[EventType "swiss"]
[EventRounds "8"]
[EventCountry "SWE"]
[SourceTitle "EXT 2005"]
[Source "ChessBase"]
[SourceDate "2004.11.15"]
[SourceVersion "1"]
[SourceVersionDate "2004.11.15"]
[SourceQuality "1"]

1. e4 c5 2. Nf3 e6 3. d4 cxd4 4. Nxd4 Nf6 5. Nc3 Nc6 6. Be3 Bb4 7. Bd3 d5 8. f3 dxe4 9. Nxc6 bxc6 10. Bxe4 Qxd1+ 11. Rxd1 Nxe4 12. fxe4 Ba6 13. a3 Be7 14. Kf2 Bf6 15. Rhe1 Rb8 16. Rb1 0-0 17. Bxa7 Rb7 18. Be3 Rxb2 19. Rxb2 Bxc3 20. Rb6 Bxe1+ 21. Kxe1 Bb5 22. Bf4 f6 23. Bd6 Rd8 24. Rb8 Rxb8 25. Bxb8 Kf7 26. Kd2 Kg6 27. Kc3 Kg5 28. Kb4 Bf1 29. g3 Bg2 30. e5 Kf5 31. exf6 gxf6 32. Kc5 e5 33. a4 e4 34. Bf4 Ke6 35. Kxc6 e3+ 36. Kb6 e2 37. Bd2 Kd7 38. c4 Kc8 39. a5 h5 40. a6 f5 41. c5 Ba8 42. c6 Kb8 1/2-1/2